Регионална библиотека "Любен Каравелов" - Русе

Вечерние огни (Запис номер 429203)

MARC детайли
000 -Лидер
Контролно поле с фиксирана дължина nam a22 a 4500
003 - Код на организацията, давaща контролен номер
Контролно поле BLK
005 - Дата и час на последна редакция
Контролно поле 20210819155209.0
008 - Елементи от данни с фиксирана дължина
fixed length control field 191016b bu ||||| |||| 00| 0 bu d
040 ## - Източник на каталожния запис
Идентификатор на билиотеката - собственик на записа BLK
041 ## - Код за език
Код за езика на текст/звукозапис или на отделно заглавие Руски
Код за езика КДБФ Руски
080 ## - УДК
Текстов определител УДК Руска литература
УДК код - определител по УДК 821.161.1
УДК определител -1
УДК - код + определител 821.161.1-1
100 ## - Редна дума - Автор
Автор Фет, Афанасий Афанасьиевич
Авторска отговорност първи автор
R(LIN) 1299
139 ## - Редно поле
Редна дума Фет, Афанасий Афанасьиевич
245 ## - Сведения за заглавието
Заглавие Вечерние огни
Подзаглавни данни Собр. неиздад. стихи
Редно поле (дума) А. А. Фет
260 ## - Област на издателските данни
9 (RLIN) 219190
Място на издаване, разпространение и проч. Москва
Име на издателя, разпространителя и проч. типогр. В. А. Гатцука
Година на издаване 1883
Издателство - префикс ISBN 5-02-
300 ## - Физическа характеристика
Страници 224, IV с.
Размери/Мащаб 24 см
380 ## - Жанр
Жанр Худож. лит.
490 ## - СЕРИИ (Колекции)
9 (RLIN) 435080
Име на серия Колекция Редки и ценни издания
852 ## - Местоположение
Форматна сигнатура Рр 883
Фондова буква Редки и ценни
999 ## - СИСТЕМНИ КОНТРОЛНИ НОМЕРА
Koha biblionumber 429203
Koha biblioitemnumber 429203
942 ## - АРТИКУЛИ
Вид на библиотечния материал Книги
Скрит в OPAC Не
Периодичен библиозапис Да
944 ## - СЪЗДАВАНЕ И РЕДАКЦИЯ на ЗАПИСА
Създаване/Редакция Създаване
Дата на регистрацията/редакция 2021-08-19
Служител, извършил регистрацията/редакцията К.Д.
Наличности
Код за отписване Код за изгубен артикул Източник на класификационната схема Код за повреда Коз за рестрикции Код за отдаване Артикулен № Име на библиотеката - собственик Име на библиотеката, в която се намира в момента Статус (Текущо местоположение) Дата на вписване в системата Местоположение - отдел Цена в лева Инвентарен номер Систематично азбучна сигнатура Баркод Цена в евро Служебен тип на артикула
  Не е изгубен Universal Decimal Classification Не е повреден само за читалня Специални фондове ( старопечатни, редки и ценни, фонд М. Арнаудов) 854330 Регионална библиотека "Любен Каравелов" Русе Регионална библиотека "Любен Каравелов" Русе Редки и ценни 2021-09-23 Редки и ценни 0.18 938 Рр 883 900000075225 0.09 Книги
Vip Innovations Ltd, Rousse, Bulgaria 2025